Normal view
MARC view
- Nestler, Vincent J
Entry Personal Name
001 - CONTROL NUMBER
- control field: 101071
003 - CONTROL NUMBER IDENTIFIER
- control field: NUST
005 - DATE AND TIME OF LATEST TRANSACTION
- control field: 20221021085012.0
008 - FIXED-LENGTH DATA ELEMENTS
- fixed length control field: 221021|| aca||aabn | a|a d
040 ## - CATALOGING SOURCE
- Original cataloging agency: NUST
- Transcribing agency: NUST
100 ## - HEADING--PERSONAL NAME
- Personal name: Nestler, Vincent J
670 ## - SOURCE DATA FOUND
- Source citation: Work cat.: (NUST)215386: Principle of Computer Security Com TIA Security +TM and Beyond, , c2011.
